00765nas a2200217Ia 4500001001100000003000900011008004100020040001300061040001300074041001300087100004500100210003700145222003700182245011800219250001100337260002600348501008600374300001700460362002700477650004300504R111/44663IT-RoPAU151124c99999999xx |||||||||||| ||und|| aIT-RoPAU cIT-RoPAU aITALIANO aMartelanc TomogCodice Aut. SPICS: 12050 aCOMUNICAZIONE DI MASSA (SUGARCO) aComunicazione Di Massa (Sugarco) aCOMUNICAZIONE DI MASSA (SUGARCO), ANNO 02-VOL.1 (1981)bRidefinizione Necessaria Della Tv Negli Anni Ottanta (La) a1a ed. aMILANObSUGARCOc1981 bPaulus - SPICS - Società San Paolo EM (non-commercial uses only)cCopyright2015 a7 p. [21-27] aANNO 002, VOL.1 (1981) aCOMUNICAZIONEvPUBBLICAZIONE PERIODICA